00314nam a2200121Ia 4500008004100000041000800041082001700049100001500066245003400081260003800115300003200153365000700185240624s9999 xx 000 0 und d aeng a343.0999 PRA aPRASAD R S aCYBER CRIME COMBAT STRATEGIES c2004aHyderabadbICFAI University aviii, : 203 : p. : cm. ; 25 cRS